Phân tích tác động của đồng tiền đến khả năng sinh lợi của các công ty xây dựng niêm yết ở Việt Nam : Luận văn Thạc sĩ- Chuyên ngành: Kế toán
Zapisane w:
| 1. autor: | |
|---|---|
| Format: | Luận văn |
| Język: | Undetermined |
| Wydane: |
Đại học Công Nghiệp TP. Hồ Chí Minh
2021
|
| Hasła przedmiotowe: | |
| Dostęp online: | https://opac.iuh.edu.vn/TraCuuTaiLieuSo2XemChiTiet.aspx?Id=113893 |
| Etykiety: |
Dodaj etykietę
Nie ma etykietki, Dołącz pierwszą etykiete!
|
| Thư viện lưu trữ: | Trung tâm Thư viện - Trường Đại học Công nghiệp TP. Hồ Chí Minh |
|---|
| LEADER | 00779nam a2200169Ia 4500 | ||
|---|---|---|---|
| 001 | UIH_02110 | ||
| 008 | 230809s9999 xx 000 0 und d | ||
| 082 | |a 657 | ||
| 100 | |a Lê, Thị Hiền | ||
| 245 | 0 | |a Phân tích tác động của đồng tiền đến khả năng sinh lợi của các công ty xây dựng niêm yết ở Việt Nam : Luận văn Thạc sĩ- Chuyên ngành: Kế toán | |
| 245 | 0 | |c Lê, Thị Hiền | |
| 260 | |b Đại học Công Nghiệp TP. Hồ Chí Minh | ||
| 260 | |c 2021 | ||
| 650 | |a Kế toán; | ||
| 856 | |u https://opac.iuh.edu.vn/TraCuuTaiLieuSo2XemChiTiet.aspx?Id=113893 | ||
| 927 | |a Luận văn | ||
| 980 | |a Trung tâm Thư viện - Trường Đại học Công nghiệp TP. Hồ Chí Minh | ||